Case files. (Record no. 21498)
[ view plain ]
| 000 -LEADER | |
|---|---|
| fixed length control field | 00794nam a22002535a 4500 |
| 005 - DATE AND TIME OF LATEST TRANSACTION | |
| control field | 20160323150455.0 |
| 008 - FIXED-LENGTH DATA ELEMENTS--GENERAL INFORMATION | |
| fixed length control field | 160323s2008 maua frb 001 0 eng d |
| 020 ## - INTERNATIONAL STANDARD BOOK NUMBER | |
| International Standard Book Number | 9780071278874 |
| 020 ## - INTERNATIONAL STANDARD BOOK NUMBER | |
| International Standard Book Number | 0071278877 |
| 040 ## - CATALOGING SOURCE | |
| Original cataloging agency | EG-ScBUE |
| Language of cataloging | eng |
| Transcribing agency | EG-ScBUE |
| Modifying agency | EG-ScBUE |
| 082 04 - DEWEY DECIMAL CLASSIFICATION NUMBER | |
| Edition number | 22 |
| Classification number | 618.92 |
| Item number | CAS |
| 245 00 - TITLE STATEMENT | |
| Title | Case files. |
| Name of part/section of a work | Microbiology / |
| Statement of responsibility, etc | Eugene C. Toy ... [et al.] |
| 250 ## - EDITION STATEMENT | |
| Edition statement | 2nd ed., International ed. |
| 260 ## - PUBLICATION, DISTRIBUTION, ETC. (IMPRINT) | |
| Place of publication, distribution, etc | Boston : |
| Name of publisher, distributor, etc | McGraw Hill, |
| Date of publication, distribution, etc | 2008. |
| 300 ## - PHYSICAL DESCRIPTION | |
| Extent | xiv, 382 p. : |
| Other physical details | ill. ; |
| Dimensions | 24 cm. |
| 500 ## - GENERAL NOTE | |
| General note | Index : p. [365]-382. |
| 504 ## - BIBLIOGRAPHY, ETC. NOTE | |
| Bibliography, etc | Includes bibliographical references. |
| 650 ## - SUBJECT ADDED ENTRY--TOPICAL TERM | |
| Source of heading or term | BUEsh |
| Topical term or geographic name as entry element | Nervous system |
| General subdivision | Diseases |
| 9 (RLIN) | 39373 |
| 650 #7 - SUBJECT ADDED ENTRY--TOPICAL TERM | |
| 9 (RLIN) | 12324 |
| Topical term or geographic name as entry element | Medical microbiology. |
| Source of heading or term | BUEsh |
| 651 ## - SUBJECT ADDED ENTRY--GEOGRAPHIC NAME | |
| Source of heading or term | BUEsh |
| 653 ## - INDEX TERM--UNCONTROLLED | |
| Resource For college | Pharmacy |
| Arrived date list | March2016 |
| 700 1# - ADDED ENTRY--PERSONAL NAME | |
| 9 (RLIN) | 36213 |
| Personal name | Toy, Eugene C. |
| 942 ## - ADDED ENTRY ELEMENTS (KOHA) | |
| Source of classification or shelving scheme | Dewey Decimal Classification |
| Withdrawn status | Item status | Source of classification or shelving scheme | Damaged status | Not for loan | Vendor | Home library | Current library | Shelving location | Date acquired | Source of acquisition | Cost, normal purchase price | Serial Enumeration / chronology | Total Checkouts | Full call number | Barcode | Date last seen | Koha item type |
|---|---|---|---|---|---|---|---|---|---|---|---|---|---|---|---|---|---|
| Dewey Decimal Classification | Scientific home BookShop | Central Library | Central Library | First floor | 23/03/2016 | Purchase | 275.00 | 1 | 618.92 CAS | 000032178 | 15/07/2025 | Book - Borrowing |